| 000 | 00369nam a2200133Ia 4500 | ||
|---|---|---|---|
| 999 |
_c7831 _d7831 |
||
| 020 | _a9781412974646 | ||
| 082 | _aRR 910 TWE- | ||
| 245 | 0 | _a21st century geography: a reference handbook | |
| 260 |
_aLos Angeles _bSage Publications _c2012 |
||
| 504 | _aincludes bibliography | ||
| 650 |
_aGeography _vHandbooks, manuals etc. |
||
| 700 | _aStoltman, Joseph P. | ||
| 942 | _cBK | ||